000 00399nam a2200145Ia 4500
008 220726s9999||||xx |||||||||||||| ||und||
020 _a9788174733665
082 _a610
_bSin/E
100 _aSinha, Shradha & Shukla, Manisha
245 0 _aSinha-A Texbook of Environment and Ecology for Pharmacy
250 _a3rd Edition
260 _aDelhi
_bAITBS Publishers
_c2021
300 _a256
942 _cPB
999 _c36234
_d36234